LEADER 00791nam a2200217 i 4500 001 000000197034 003 CaOOAMICUS 005 20140714000000.0 008 140714s1913 it u000 u ita u 013 $a175719 040 $aSeMil$bita 245 10$aCommento di Giambi ed Epodi e Rime Nuove. 300 $aXII, 117 p. 500 $aFondo card. Giovanni Colombo. 700 1 $aCapelli, Luigi Mario.$0(OLS)http://semarc/name/8498 773 0 $aCapelli, Luigi Mario$tDizionarietto carducciano.$dLivorno : Giusti, 1913.$g251$w()30134 850 $aSeMil 852 $aSeMil$W1$xVenegono$y1$m3GC I 149$j147593$B147593$CSeMilBibl$Z2$F159088 $8B 941 1 $a3 961 $aLascito: Colombo Card. Giovanni 996 $6245$aCommento di Giambi ed Epodi e Rime Nuove$9(OLS)http://semarc/title/284462 LEADER 01169nam a2200289 i 4500 001 000000192629 003 CaOOAMICUS 005 20141224000000.0 008 141224s1956 it u000 u ita u 013 $a171253 040 $aSeMil$bita 245 10$aVangelo secondo San Luca /$ccommento di Alberto Valensin e Giuseppe Huby. 250 $a2. ed. 260 $aRoma :$bStudium,$cimprim. 1956. 300 $aXXV, 495 p. ;$c19 cm. 490 0 $aVerbum salutis 500 $aFondo card. Giovanni Colombo. 650 4$aBibbia. Nuovo Testamento. Vangelo secondo Luca - Commentari, studi, critica, interpretazioni.$0(OLS)http://semarc/subject/142 700 1 $aHuby, Joseph .$0(OLS)http://semarc/name/7530 700 1 $aValensin, Albert <1873-1944>.$0(OLS)http://semarc/name/20511 830 0$aVerbum Salutis.$0(OLS)http://semarc/title/13440 850 $aSeMil 852 $aSeMil$W1$xVenegono$y1$m3GC VI 156$j143204$B143204$CSeMilBibl$Z2$F154624 $8B 941 1 $a3 961 $aLascito: Colombo Card. Giovanni 996 $6245$aVangelo secondo San Luca$9(OLS)http://semarc/title/144669 996 $6260$aRoma :$bStudium$9(OLS)http://semarc/publisher/29617